[Event "Baltic Sea Cup"]
[White "Pieri, Enzo"]
[Black "Ronne Larsen, Dennis"]
[Site "Ronne"]
[Round "5.54"]
[Result "1-0"]
[Date "2007.08.02"]
[WhiteElo "1909"]
[BlackElo "1000"]
[PlyCount "59"]
[EventDate "2007.07.30"]
[EventType "swiss"]
[EventRounds "9"]
[EventCountry "DEN"]
[SourceTitle "EXT 2023"]
[Source "ChessBase"]
[SourceDate "2022.10.05"]
[SourceVersion "1"]
[SourceVersionDate "2022.10.05"]
[SourceQuality "1"]

1. e4 d5 2. exd5 Qxd5 3. Nc3 Qe6+ 4. Be2 b6 5. Nf3 Bb7 6. 0-0 Nf6 7. b3 Nh5 8. Ng5 Qg6 9. d4 Nc6 10. Bxh5 Qd6 11. Nxf7 Qxd4 12. Qxd4 Nxd4 13. Nxh8+ g6 14. Nxg6 hxg6 15. Bxg6+ Kd8 16. Rd1 c5 17. Nb5 Rc8 18. Nxd4 cxd4 19. Rxd4+ Kc7 20. Bf4+ Kc6 21. Be4+ Kc5 22. Bxb7 Kxd4 23. Bxc8 Bg7 24. Rd1+ Ke4 25. Bg3 a5 26. f3+ Ke3 27. Rd3+ Ke2 28. Ba6 Bh6 29. Bf2 e5 30. Rd5+ 1-0